Socio-economic planning sciences <an> international journal

Salvato in:
Dettagli Bibliografici
Natura: Periodico
Lingua:inglese
Pubblicazione: New York Pergamon Press 1977
Tags: Aggiungi Tag
Nessun Tag, puoi essere il primo ad aggiungerne!!

MARC

LEADER 00000nas2a2200000$$$4500
001 0020049
005 20250730114406.8
041 0 |a eng 
044 |a US 
245 1 0 |a Socio-economic planning sciences  |b <an> international journal 
264 1 |a New York  |b Pergamon Press  |c 1977 
300 |a 1. yv. 
773 0 |w eu_un_cat*0020047